| 000 | 00517nam a2200169 a 4500 | ||
|---|---|---|---|
| 005 | 20140412111321.0 | ||
| 008 | 001219s19uu xx 00 eng d | ||
| 050 |
_aER _bCo771 |
||
| 100 | _aKorr, David | ||
| 245 |
_aCookie Monster and the cookie tree / _cby David Korr ; illustrated by Joe Mathieu. |
||
| 260 |
_aU. S. A : _bCTW/Sesame Street, _c[n.d.] |
||
| 300 | _a1 v. (unp.) ; ill. | ||
| 440 | _aCTW/Sesame Street | ||
| 650 | _aChildren's stories -- Fiction | ||
| 650 | _aSharing -- Fiction | ||
| 999 |
_c104393 _d104393 |
||